Next year quiz - Statistics

General Stats
  • This quiz has been taken 3 times
  • The average score is 6 of 15
Answer Stats
Question Answer % Correct
Best Forward Mason Cresswell
100%
Best Midfielder Brayden Rautenberg
50%
Most Annoying in the program Breckon Barra
50%
Who will score the least goals Ethan Hall
50%
Who will Hall glaze the most Ethan Hall
50%
Who will win most improved Jacob Kim
50%
Best Defender Sam Smith
50%
Who will be a captain Sam Smith
50%
Who will likely carry Soren Smith
50%
Best goalie Soren Smith
50%
Who will win ROY Carson Ofsite
0%
Who is the most delusional about their skills Joey Lubke
0%
Who will be the worst player Marius Stweart
0%
Who will be benched Mason Cresswell
0%
Who will score the most goals Mason Cresswell
0%
No matching quizzes found
Score Distribution
Percent of People with Each Score
Percentile by Number Answered
Your Score History
You have not taken this quiz